000 00371nam a2200145Ia 4500
008 210716s2006 xx 000 0 und d
041 _aeng
082 _a651.7 RAIU
100 _aRai, Urmila;Rai, S M.
245 _aBusiness communication.
250 _a1
260 _aNew Delhi
_bHimalaya Publishing House
_c2006
300 _a365
650 _aBusiness Communication
999 _c201434
_d201434